La función contable en la empresa constructora

Gardado en:
Detalles Bibliográficos
Autor Principal: Ramírez Leiva, Leonardo José
Formato: Libro
Publicado: [San José , Costa Rica] 1985
Materias:
Etiquetas: Engadir etiqueta
Sen Etiquetas, Sexa o primeiro en etiquetar este rexistro!

MARC

LEADER 00000nam a2200000Ia 4500
003 003037
005 20221231144358.0
008 140114s1986 cr a m 000 ||s d
040 |c cru CEDI 
090 |a TFG 1794 
100 |a Ramírez Leiva, Leonardo José  |9 14297 
245 |a La función contable en la empresa constructora 
260 |c 1985  |a [San José , Costa Rica] 
300 |a  190 hojas ; 28 cm  
500 |a  Tesis (licenciatura en ingeniería civil)-- Universidad de Costa Rica. Escuela de Ingeniería Civil 
650 |x INDUSTRIA DE LA CONSTRUCCION - CONTABILIDAD  |9 14298 
942 |c TFG 
999 |c 20984  |d 20984